00345nam a2200133 a 4500008004100000020001500041050001500056100003600071245003600107250001500143260002500158300001900183350000900202120416s1970 ||||||||||||||||| || u a0273314645 aTA 135 Sha aSharp, Kenneth William Deaumont10aPractical engineering metrology a1st metric aLondonbPitmanc1970 ax, 250p. : ill a0.00